000 00948cam a2200253 a 4500
001 000024957
005 20260401115247.0
008 901219s1984 dr 000 | spa d
040 _aDO-SdBNP
_bspa
_cBNPHU
082 _a321.109
_bE57ó
100 1 _aEngels, Friedrich,
_d1820-1895
_960306
245 1 3 _aEl origen de la familia, la propiedad privada y el Estado / :
_bEl papel del trabajo en la transformación del mono en hombre /
_cFriedrich Engels; prólogo Roger Bartra.
260 _a[s. l.] :
_b[s. n.] ,
_c1984.
_eSanto Domingo, (República Dominicana),
_fEditora Alfa y Omega
300 _aviii, 223 p. ;
_c19 cm.
490 1 _aMarx-Engels
504 _aIncluye notas y referencias bibliográficas
650 0 _aFamilias
_9795
650 0 _aDerecho de familia
_93572
650 4 _aRelaciones de familia
_92207
650 0 _aMatrimonio
_9797
700 1 _aBartra, Roger
_epról.
_951220
830 0 _aMarx-Engels
_951221
049 _aBNGR
999 _c24450
_d24450